00757nam a22001935i 4500001000700000003000900007005001700016008004100033080001700074100003400091245005900125260005200184300002000236505009500256650004200351852002500393999001900418952012600437175876ES-MaACL20230906215933.0101126s1958 sp |||| | spa d a811.131.1'361 aPetroccione, Alfredo.914409610aNovisima gramática italiana / cAlfredo Petroccione. aMadrid : bEditorial Románica, c[s.a.]-1958. a2 v. ; c20 cm.80aContiene: I: Prosodia.- Ortografía.- Morfología.- II: Léxico.- Síntaxis.- Cultura04aLengua italiana-xGramática.914290 aES-MaACLjE-13698-99 c175876d175876 00104070aATENEOMbATENEOMcDEPO2d2010-11-26eDONl0oE-13698-99p1184691r2023-02-23 00:00:00w2023-02-23yMONOGRAFIA